01328nam a2200397 i 450000100060000000300090000600500170001500800410003201500170007302000150009004000280010504100080013304600090014108000080015008000110015810000430016924501210021226000560033330000470038938000160043638800140045238800140046649000300048065000210051065000230053165100110055465800340056570000410059971000360064083000290067685600980070594200120080399900170081595200490083295200490088122667KOSZ 00520220628114654.0990506s1984 pl |000 0 pol  aPB 1984/7369 a8301048514 aWA NcWA NdKOSZ 005/HR0 apol k1984 a001 a316.741 aZnaniecki, Floriand(1882-1958)eAutor10aSpołeczne role uczonych /cFlorian Znaniecki ; wybór, wstęp, przekł. tekstów ang. i red. nauk. Jerzy Szacki. aWarszawa :bPaństwowe Wydawnictwo Naukowe,c1984. aXXII, 618, [3] s., [1] k. portr. ;c20 cm. aKsiążki a1901-2000 a1945-19891 aBiblioteka Socjologiczna. 4aSocjologia nauki 4aSocjologia kultury 4aPolska aSocjologia i społeczeństwo1 aSzacki, Jerzyd(1929-2016)eRedakcja2 aPaństwowe Wydawnictwo Naukowe 0aBiblioteka Socjologiczna41uhttp://koha.tu.koszalin.pl/cgi-bin/koha/opac-detail.pl?biblionumber=22667zKatalog online BPK 2UKDcKS c22667d22667 00104070aBPKbBPKcwo31862p01358728yKS 00104070aBPKbBPKcwo31863p01591750yKS